[Event "26th Troya Open 2018"]
[Site "Canakkale"]
[Date "2018.08.10"]
[Round "8.11"]
[White "Sahin, Handenur"]
[Black "Demirbag, Alihan"]
[Result "1/2-1/2"]
[WhiteElo "1984"]
[BlackElo "2036"]
[Annotator "NA"]
[PlyCount "91"]
[EventDate "2018.08.06"]
[EventType "swiss"]
[EventCountry "TUR"]
[SourceTitle "playchess.com"]
[Source "ChessBase"]
[SourceQuality "1"]
[TimeControl "5400+30"]

{[%evp 13,78,41,52,10,30,32767,71,62,60,32767,32767,32767,32767,32767,72,32767,74,68,76,78,138,123,168,148,176,32767,32767,32767,32767,32767,32767,123,32767,32767,32767,180,168,32767,158,135,169,106,115,110,32767,112,119,103,106,32767,95,86,100,32767,32767,32767,32767,83,32767,103,107,32767,120,137,134,195,206]} 1. e4 {[%emt 0:00:30]} c5 {[%emt 0:00:30]} 2. c3 {[%emt 0:00:30]} d6 {[%emt 0:00:30]} 3. d4 {[%emt 0:00:30]} Nf6 {[%emt 0:00:30]} 4. dxc5 {[%emt 0:00:30]} Nc6 {[%emt 0:00:30]} 5. Qc2 {[%emt 0:00:30]} dxc5 {[%emt 0:00:30]} 6. Bf4 {[%emt 0:00:30]} g6 {[%emt 0:00:30] B22: Sicilian: 2 c3} (6... Nh5 7. Be3 e5 8. Qd1 Qxd1+ 9. Kxd1 f5 10. f3 fxe4 11. fxe4 Nf6 12. Nd2 Ng4 13. Ke2 Nxe3 14. Kxe3 {½-½ (69) Stevic,H (2607)-Jones,G (2650) Dubai 2014}) 7. Nf3 {[%emt 0:00:30] LiveBook: 3 Games} Bg7 {[%emt 0:00:30]} 8. Be2 {[%emt 0:00:30]} O-O {[%emt 0:00:30]} 9. O-O {[%emt 0:00:30]} Bg4 $146 {[%emt 0:00:30]} ({Predecessor:} 9... Bd7 10. Nbd2 Nh5 11. Be3 b6 12. Nc4 Qc7 13. Rfd1 Rad8 14. Qc1 Bc8 15. Rxd8 Rxd8 {1-0 (72) Stavrianakis,I (2240)-Foisor,C (2424) Chalkida 2009}) 10. Rd1 {[%emt 0:00:30]} Qc8 {[%emt 0:21:30]} 11. h3 {[%emt 0:20:30]} Be6 {[%emt 0:02:30]} 12. Na3 {[%emt 0:10:30]} Nd7 {[%emt 0:03:30]} 13. Nc4 {[%emt 0:06:30]} Bxc4 {[%emt 0:21:30]} 14. Bxc4 {[%emt 0:00:30]} Nde5 {[%emt 0:00:00]} 15. Nxe5 {[%emt 0:06:30]} Nxe5 {[%emt 0:01:00]} 16. Be2 {[%emt 0:01:30]} Qe6 {[%emt 0:02:30]} (16... Qc7 $14) 17. Rd5 {[%emt 0:03:30]} b6 {[%emt 0:04:30]} 18. Rad1 {[%emt 0:03:30]} h5 {[%emt 0:04:30]} 19. Bg3 {[%emt 0:10:30]} Nc6 {[%emt 0:01:30]} 20. Bc4 {[%emt 0:02:30]} Na5 {[%emt 0:00:30]} 21. Bb5 {[%emt 0:01:30]} Nc6 {[%emt 0:00:30]} 22. Qa4 {[%emt 0:02:30]} (22. Qe2 $18) 22... Ne5 {[%emt 0:05:30]} 23. f4 {[%emt 0:01:30]} a6 {[%emt 0:03:30]} 24. Be2 {[%emt 0:02:30]} ({And not} 24. fxe5 axb5 25. Qxb5 Rxa2 $11) ({Resist} 24. Bxa6 $6 b5 $14) 24... b5 {[%emt 0:00:00]} 25. Qc2 {[%emt 0:00:00]} Nc4 {[%emt 0:00:00]} 26. Bxc4 {[%emt 0:01:00]} ({Stronger than} 26. Rxc5 Ne3 $17) 26... bxc4 {[%emt 0:00:30]} 27. Rxc5 {[%emt 0:02:30]} Rac8 {[%emt 0:01:30]} 28. Rcd5 {[%emt 0:00:30]} Rb8 {[%emt 0:04:30]} 29. Bf2 {[%emt 0:01:33]} Qc6 {[%emt 0:01:00]} 30. Qe2 {[%emt 0:01:44]} e6 {[%emt 0:00:35]} 31. Rc5 {[%emt 0:01:06]} Qa4 {[%emt 0:00:09]} 32. Rd2 {[%emt 0:02:07]} Rfc8 {[%emt 0:02:37]} 33. a3 {[%emt 0:01:38]} Rxc5 {[%emt 0:01:22]} 34. Bxc5 {[%emt 0:00:30]} Qb5 {[%emt 0:00:00]} 35. Bd4 {[%emt 0:00:26]} Rc8 {[%emt 0:03:30]} 36. Bxg7 {[%emt 0:01:15]} Kxg7 {[%emt 0:00:01]} 37. Qe3 {[%emt 0:00:26]} Kg8 {[%emt 0:04:21]} 38. Qd4 {[%emt 0:00:22]} h4 {[%emt 0:01:00]} 39. Qf2 {[%emt 0:01:04]} Qh5 $18 {[%emt 0:01:44]} 40. Rd7 {[%emt 0:01:35]} Rb8 {[%emt 0:00:44]} 41. Qd4 {[%emt 0:01:31]} Qe2 {[%emt 0:00:36]} 42. Rd8+ {[%emt 0:00:55]} Rxd8 {[%emt 0:00:30]} 43. Qxd8+ {[%emt 0:00:01]} Kg7 {[%emt 0:00:00]} 44. Qd4+ {[%emt 0:00:50]} Kg8 {[%emt 0:00:22]} 45. Qd8+ {[%emt 0:03:23]} Kg7 {[%emt 0:00:13]} 46. Qd4+ {[%emt 0:00:54]} 1/2-1/2

[Event "26th Troya Open 2018"]
[Site "Canakkale"]
[Date "2018.08.08"]
[Round "8.12"]
[White "Yildizak, Goksel"]
[Black "Gokbulut, Julia"]
[Result "1/2-1/2"]
[WhiteElo "1910"]
[BlackElo "2076"]
[Annotator "NA"]
[PlyCount "62"]
[EventDate "2018.08.06"]
[EventType "swiss"]
[EventCountry "TUR"]
[SourceTitle "playchess.com"]
[Source "ChessBase"]
[SourceQuality "1"]
[TimeControl "5400+30"]

1. d4 {[%emt 0:00:30]} Nf6 {[%emt 0:00:30]} 2. Nf3 {[%emt 0:00:30]} e6 {[%emt 0:00:30]} 3. g3 {[%emt 0:00:30]} d5 {[%emt 0:00:30]} 4. Bg2 {[%emt 0:00:30]} Be7 {[%emt 0:00:30]} 5. O-O {[%emt 0:00:30]} O-O {[%emt 0:00:30]} 6. c4 {[%emt 0:00:30]} c6 {[%emt 0:00:30]} 7. b3 {[%emt 0:06:30]} b5 {[%emt 0:03:30] E06: Katalanisch} (7... b6 8. Bb2 Nbd7 9. Qc2 Bb7 10. Nc3 Rc8 11. e4 Nxe4 12. Nxe4 dxe4 13. Qxe4 Nf6 14. Qc2 c5 15. Rad1 cxd4 16. Rxd4 Qc7 17. Rfd1 Rfd8 18. Qe2 h6 19. Ne5 Rxd4 20. Rxd4 Bxg2 21. Kxg2 {1-0 (69) Mamedyarov,S (2772)-Vitiugov,N (2731) Sochi 2017}) 8. Ne5 {[%emt 0:00:30]} bxc4 {[%emt 0:01:30]} 9. bxc4 {[%emt 0:05:30]} Nfd7 {[%emt 0:00:30]} 10. Nxd7 {[%emt 0:03:30]} Nxd7 {[%emt 0:02:30]} 11. cxd5 {[%emt 0:08:30]} cxd5 {[%emt 0:00:30]} 12. e4 $146 {[%emt 0:00:30]} ({Vorgänger:} 12. Nc3 Nf6 13. Bd2 Bd7 14. e4 Nxe4 15. Nxe4 dxe4 16. Bxe4 Rc8 17. Be3 Bc6 18. Bxc6 Rxc6 {½-½ (18) Radusinovic,L (2357)-Stankovic,M (2416) Dvorovi 2016}) 12... Nb6 {[%emt 0:01:30]} 13. Ba3 {[%emt 0:05:30]} Bxa3 {[%emt 0:00:30]} 14. Nxa3 {[%emt 0:02:30]} Ba6 {[%emt 0:03:30]} 15. Re1 {[%emt 0:00:30]} Qd6 {[%emt 0:01:30]} 16. Nc2 {[%emt 0:01:30]} dxe4 {[%emt 0:05:30]} 17. Rxe4 {[%emt 0:01:30]} Rac8 {[%emt 0:01:30]} 18. Rh4 {[%emt 0:01:30]} h6 {[%emt 0:06:30]} 19. Ne3 {[%emt 0:01:30]} f5 {[%emt 0:11:30]} (19... Nc4 $15 20. Qb3 Nxe3 21. Qxe3 Rc2) 20. d5 {[%emt 0:06:30]} Rcd8 {[%emt 0:08:30]} 21. dxe6 {[%emt 0:01:30]} Qe5 {[%emt 0:05:30]} 22. Qe1 {[%emt 0:01:30]} Qxe6 {[%emt 0:00:30]} 23. Qa5 {[%emt 0:04:30]} Bd3 $16 {[%emt 0:05:30]} 24. Qxa7 {[%emt 0:02:30]} Be4 {[%emt 0:05:30]} 25. Bxe4 {[%emt 0:01:30]} fxe4 {[%emt 0:00:30]} 26. Qb7 {[%emt 0:01:30]} Rd4 {[%emt 0:04:30]} 27. Rg4 {[%emt 0:02:30]} Rf7 {[%emt 0:00:30]} 28. Qb8+ {[%emt 0:00:00]} Rf8 {[%emt 0:04:30]} 29. Qb7 {[%emt 0:00:00]} Rf7 {[%emt 0:00:30]} 30. Qb8+ {[%emt 0:00:30]} Rf8 {[%emt 0:00:30]} 31. Qb7 {[%emt 0:00:30]} Rf7 {[%emt 0:00:30]} 1/2-1/2

[Event "26th Troya Open 2018"]
[Site "Canakkale"]
[Date "2018.08.10"]
[Round "8.13"]
[White "Sar, Can"]
[Black "Ceylan, Arda"]
[Result "1/2-1/2"]
[WhiteElo "1786"]
[BlackElo "1617"]
[Annotator "NA RC"]
[PlyCount "46"]
[EventDate "2018.08.06"]
[EventType "swiss"]
[EventCountry "TUR"]
[SourceTitle "playchess.com"]
[Source "ChessBase"]
[SourceQuality "1"]
[TimeControl "5400+30"]

1. e4 {[%emt 0:00:30]} e5 {[%emt 0:00:30]} 2. Nf3 {[%emt 0:00:30]} Nf6 {[%emt 0:00:30]} 3. Nxe5 {[%emt 0:00:30]} d6 {[%emt 0:00:30]} 4. Nf3 {[%emt 0:00:30]} Nxe4 {[%emt 0:00:30]} 5. Nc3 {[%emt 0:00:30]} Nxc3 {[%emt 0:00:30]} 6. dxc3 {[%emt 0:00:30]} Nd7 {[%emt 0:00:30]} 7. Be3 {[%emt 0:00:30]} Ne5 {[%emt 0:00:30]} 8. Be2 {[%emt 0:02:30]} Be7 {[%emt 0:04:30]} 9. Qd2 {[%emt 0:05:30]} Be6 {[%emt 0:05:30]} 10. Nd4 {[%emt 0:01:30]} Bc4 {[%emt 0:02:30]} 11. Nf5 {[%emt 0:16:30]} O-O {[%emt 0:09:30]} 12. Bd4 {[%emt 0:12:30]} Bxe2 {[%emt 0:03:30]} 13. Qxe2 {[%emt 0:00:30]} Bf6 {[%emt 0:01:30]} 14. Bxe5 {[%emt 0:01:30]} Re8 {[%emt 0:03:30]} 15. O-O {[%emt 0:01:30]} Rxe5 {[%emt 0:04:30]} 16. Qf3 {[%emt 0:00:30]} d5 {[%emt 0:07:30]} 17. Rfe1 {[%emt 0:01:30]} Qe8 {[%emt 0:05:30]} 18. Rxe5 {[%emt 0:01:30]} Qxe5 {[%emt 0:01:30]} 19. Ne3 {[%emt 0:00:00]} c6 {[%emt 0:01:30]} 20. Ng4 {[%emt 0:00:00]} Qe7 {[%emt 0:00:30]} 21. Nxf6+ {[%emt 0:02:30]} Qxf6 {[%emt 0:00:30]} 22. Qxf6 {[%emt 0:00:30]} gxf6 {[%emt 0:00:30]} 23. Re1 {[%emt 0:00:30]} Kf8 {[%emt 0:00:00]} 1/2-1/2

[Event "26th Troya Open 2018"]
[Site "Canakkale"]
[Date "2018.08.10"]
[Round "8.14"]
[White "Kocakaplan, Emre"]
[Black "Erkole, Melih Naci"]
[Result "1-0"]
[WhiteElo "1591"]
[BlackElo "1666"]
[Annotator "NA"]
[PlyCount "131"]
[EventDate "2018.08.06"]
[EventType "swiss"]
[EventCountry "TUR"]
[SourceTitle "playchess.com"]
[Source "ChessBase"]
[SourceQuality "1"]
[TimeControl "5400+30"]

1. Nf3 {[%emt 0:00:30]} e6 {[%emt 0:00:30]} 2. c4 {[%emt 0:00:30]} f5 {[%emt 0:00:30]} 3. d4 {[%emt 0:00:30]} Nf6 {[%emt 0:00:30]} 4. Nc3 {[%emt 0:00:30]} Bb4 {[%emt 0:00:30]} 5. Qc2 {[%emt 0:00:30]} O-O {[%emt 0:00:30]} 6. g3 {[%emt 0:02:30]} d6 {[%emt 0:06:30]} 7. Bg2 {[%emt 0:00:30]} Nbd7 {[%emt 0:01:30]} 8. O-O {[%emt 0:00:30]} Bxc3 {[%emt 0:00:30]} 9. Qxc3 {[%emt 0:00:30]} Ne4 {[%emt 0:00:30]} 10. Qc2 {[%emt 0:01:30]} Ndf6 {[%emt 0:10:30]} 11. Nd2 {[%emt 0:02:30]} d5 {[%emt 0:04:30]} 12. Nxe4 {[%emt 0:08:30]} dxe4 {[%emt 0:05:30]} 13. Rd1 {[%emt 0:01:30]} b6 {[%emt 0:00:30]} 14. Bf4 {[%emt 0:01:30]} Bb7 {[%emt 0:08:30]} 15. Rab1 {[%emt 0:01:30]} Qe7 {[%emt 0:10:30]} 16. b4 {[%emt 0:01:30]} h6 {[%emt 0:12:30]} 17. h4 {[%emt 0:09:30]} Rfc8 {[%emt 0:04:30]} 18. Qb2 {[%emt 0:13:30]} Nh5 {[%emt 0:10:30]} 19. Qc1 {[%emt 0:05:30]} Nxf4 {[%emt 0:02:00]} 20. Qxf4 {[%emt 0:00:30]} Rd8 {[%emt 0:00:53]} 21. Qe5 {[%emt 0:03:30]} Qd6 {[%emt 0:05:38]} 22. Qxd6 {[%emt 0:02:30]} Rxd6 {[%emt 0:00:16]} 23. e3 {[%emt 0:00:30]} Rad8 {[%emt 0:00:49]} 24. b5 {[%emt 0:00:30]} a5 {[%emt 0:04:11]} 25. Bf1 {[%emt 0:01:30]} Kf7 {[%emt 0:01:23]} 26. Rdc1 {[%emt 0:00:30]} Rc8 {[%emt 0:03:30]} 27. c5 {[%emt 0:00:30]} Rdd8 {[%emt 0:01:48]} 28. c6 {[%emt 0:01:30]} Ba8 {[%emt 0:00:30]} 29. Bc4 {[%emt 0:00:00]} Rd6 {[%emt 0:00:02]} 30. a4 {[%emt 0:01:00]} Kf6 {[%emt 0:00:11]} 31. h5 {[%emt 0:00:30]} g5 {[%emt 0:01:01]} 32. hxg6 {[%emt 0:00:30]} Kxg6 {[%emt 0:00:22]} 33. Kg2 {[%emt 0:00:00]} Kf6 {[%emt 0:02:05]} 34. Rh1 {[%emt 0:01:00]} Rh8 {[%emt 0:00:06]} 35. Be2 {[%emt 0:00:30]} Rdd8 {[%emt 0:01:53]} 36. Rbd1 {[%emt 0:00:30]} Rd6 {[%emt 0:01:36]} 37. f3 {[%emt 0:01:30]} exf3+ {[%emt 0:00:39]} 38. Bxf3 {[%emt 0:00:30]} Rh7 {[%emt 0:00:35]} 39. Kf2 {[%emt 0:00:00]} Rh8 {[%emt 0:00:25]} 40. Rh4 {[%emt 0:00:00]} Kg5 {[%emt 0:00:29]} 41. Rhh1 {[%emt 0:01:30]} h5 {[%emt 0:00:11]} 42. Rh4 {[%emt 0:00:30]} e5 {[%emt 0:00:07]} 43. dxe5 {[%emt 0:01:30]} Re6 {[%emt 0:00:15]} 44. Rd7 {[%emt 0:00:30]} Rxe5 {[%emt 0:00:19]} 45. Rxc7 {[%emt 0:00:30]} Rc5 {[%emt 0:00:32]} 46. Rd4 {[%emt 0:00:30]} Rc2+ {[%emt 0:00:16]} 47. Ke1 {[%emt 0:00:30]} Rc1+ {[%emt 0:01:08]} 48. Kf2 {[%emt 0:01:30]} Rc2+ {[%emt 0:00:03]} 49. Be2 {[%emt 0:00:00]} Ra2 {[%emt 0:01:03]} 50. Ra7 {[%emt 0:00:00]} Rc2 {[%emt 0:00:27]} 51. Rc4 {[%emt 0:01:30]} Ra2 {[%emt 0:01:09]} 52. c7 {[%emt 0:00:30]} Rc8 {[%emt 0:00:06]} 53. Rxa8 {[%emt 0:01:30]} Rxa8 {[%emt 0:00:30]} 54. c8=Q {[%emt 0:00:30]} Rxc8 {[%emt 0:00:30]} 55. Rxc8 {[%emt 0:00:30]} Rxa4 {[%emt 0:00:30]} 56. Rb8 {[%emt 0:00:30]} Ra2 {[%emt 0:00:30]} 57. Rxb6 {[%emt 0:00:30]} a4 {[%emt 0:00:30]} 58. Ra6 {[%emt 0:00:30]} a3 {[%emt 0:00:30]} 59. Kf3 {[%emt 0:00:30]} Ra1 {[%emt 0:00:00]} 60. Ra5 {[%emt 0:00:00]} a2 {[%emt 0:00:00]} 61. Ra6 {[%emt 0:00:00]} h4 {[%emt 0:01:46]} 62. gxh4+ {[%emt 0:00:00]} Kxh4 {[%emt 0:00:00]} 63. Kf4 {[%emt 0:00:00]} Kh3 {[%emt 0:00:14]} 64. Bf3 {[%emt 0:01:30]} Kh2 {[%emt 0:00:36]} 65. Rh6+ {[%emt 0:00:30]} Kg1 {[%emt 0:00:30]} 66. Kg3 {[%emt 0:00:00]} 1-0

[Event "26th Troya Open 2018"]
[Site "Canakkale"]
[Date "2018.08.08"]
[Round "8.15"]
[White "Pekdemir, Veysel"]
[Black "Istekli, Erdem"]
[Result "0-1"]
[WhiteElo "1617"]
[BlackElo "1713"]
[Annotator "NA"]
[PlyCount "90"]
[EventDate "2018.08.06"]
[EventType "swiss"]
[EventCountry "TUR"]
[SourceTitle "playchess.com"]
[Source "ChessBase"]
[SourceQuality "1"]
[TimeControl "5400+30"]

1. e4 {[%emt 0:00:30]} c5 {[%emt 0:00:30]} 2. Nf3 {[%emt 0:00:30]} Nc6 {[%emt 0:00:30]} 3. d4 {[%emt 0:00:30]} cxd4 {[%emt 0:00:30]} 4. Nxd4 {[%emt 0:00:30]} Nf6 {[%emt 0:00:30]} 5. Nc3 {[%emt 0:00:30]} e5 {[%emt 0:00:30]} 6. Ndb5 {[%emt 0:00:30]} d6 {[%emt 0:00:30]} 7. Bg5 {[%emt 0:00:30]} a6 {[%emt 0:00:30]} 8. Na3 {[%emt 0:00:30]} b5 {[%emt 0:00:00]} 9. Nd5 {[%emt 0:05:30]} Be7 {[%emt 0:00:00]} 10. Bxf6 {[%emt 0:04:30]} Bxf6 {[%emt 0:00:30]} 11. c3 {[%emt 0:02:30]} Bg5 {[%emt 0:01:30]} 12. Nc2 {[%emt 0:01:30]} O-O {[%emt 0:01:30]} 13. Bd3 {[%emt 0:07:30]} Be6 {[%emt 0:25:30]} 14. Nce3 {[%emt 0:02:30]} g6 {[%emt 0:12:30]} 15. O-O {[%emt 0:17:30]} Ne7 {[%emt 0:20:30]} 16. f4 {[%emt 0:04:30]} exf4 {[%emt 0:09:30]} 17. Nxf4 {[%emt 0:01:30]} Qb6 {[%emt 0:00:30]} 18. Qe2 {[%emt 0:04:30]} Nc6 {[%emt 0:02:30]} 19. Kh1 {[%emt 0:02:30]} Bxf4 {[%emt 0:02:09]} 20. Rxf4 {[%emt 0:00:30]} Ne5 {[%emt 0:00:05]} 21. a3 {[%emt 0:05:30]} Rac8 {[%emt 0:02:22]} 22. h4 {[%emt 0:04:30]} Qc6 {[%emt 0:06:31]} 23. Rd1 {[%emt 0:05:30]} Rcd8 {[%emt 0:00:26]} 24. h5 {[%emt 0:00:30]} d5 {[%emt 0:05:53]} 25. exd5 {[%emt 0:07:30]} Bxd5 {[%emt 0:00:11]} 26. Rdf1 {[%emt 0:03:59]} Nxd3 {[%emt 0:02:46]} 27. Rd4 {[%emt 0:04:30]} Nc5 {[%emt 0:01:34]} 28. Ng4 {[%emt 0:01:30]} Ne4 {[%emt 0:03:20]} 29. Rxe4 {[%emt 0:00:41]} Bxe4 {[%emt 0:00:33]} 30. Nf6+ {[%emt 0:00:30]} Kg7 {[%emt 0:00:16]} 31. h6+ {[%emt 0:02:28]} Kxh6 {[%emt 0:00:47]} 32. Nxe4 {[%emt 0:00:55]} Rde8 {[%emt 0:00:36]} 33. Qd2+ {[%emt 0:03:20]} Kg7 {[%emt 0:00:30]} 34. Nf6 {[%emt 0:01:00]} Re6 {[%emt 0:00:23]} 35. Nd7 {[%emt 0:00:29]} Rd8 {[%emt 0:00:57]} 36. Qd4+ {[%emt 0:00:30]} f6 {[%emt 0:00:00]} 37. Rd1 {[%emt 0:01:22]} Re7 {[%emt 0:00:03]} 38. Qg4 {[%emt 0:02:36]} Rexd7 {[%emt 0:00:30]} 39. Re1 {[%emt 0:00:00]} Qd6 {[%emt 0:00:56]} 40. Qf3 {[%emt 0:00:11]} Qd5 {[%emt 0:00:06]} 41. Qg3 {[%emt 0:00:21]} Qh5+ {[%emt 0:00:47]} 42. Kg1 {[%emt 0:00:05]} Rd1 {[%emt 0:00:00]} 43. Rxd1 {[%emt 0:01:39]} Rxd1+ {[%emt 0:00:31]} 44. Kf2 {[%emt 0:00:30]} Qf5+ {[%emt 0:00:00]} 45. Qf3 {[%emt 0:00:06]} Qxf3+ {[%emt 0:00:21]} 0-1

[Event "26th Troya Open 2018"]
[Site "Canakkale"]
[Date "2018.08.10"]
[Round "8.16"]
[White "Kirazci, Ugur Can"]
[Black "Ileri, Oktay"]
[Result "0-1"]
[WhiteElo "1537"]
[BlackElo "1697"]
[Annotator "NA RC"]
[PlyCount "72"]
[EventDate "2018.08.06"]
[EventType "swiss"]
[EventCountry "TUR"]
[SourceTitle "playchess.com"]
[Source "ChessBase"]
[SourceQuality "1"]
[TimeControl "5400+30"]

1. e4 {[%emt 0:00:30]} c5 {[%emt 0:00:30]} 2. Nf3 {[%emt 0:00:30]} e6 {[%emt 0:00:30]} 3. d4 {[%emt 0:00:30]} cxd4 {[%emt 0:00:30]} 4. Nxd4 {[%emt 0:00:30]} Nf6 {[%emt 0:00:30]} 5. Nc3 {[%emt 0:00:30]} Nc6 {[%emt 0:00:30]} 6. Nxc6 {[%emt 0:00:30]} bxc6 {[%emt 0:00:30]} 7. e5 {[%emt 0:00:30]} Nd5 {[%emt 0:00:30]} 8. Nxd5 {[%emt 0:00:30]} cxd5 {[%emt 0:00:00]} 9. Be3 {[%emt 0:08:30]} d6 {[%emt 0:05:00]} 10. exd6 {[%emt 0:01:30]} Bxd6 {[%emt 0:00:30]} 11. c4 {[%emt 0:05:30]} Qa5+ {[%emt 0:09:30]} 12. Bd2 {[%emt 0:00:30]} Qb6 {[%emt 0:00:00]} 13. Bc3 {[%emt 0:01:30]} Bc5 {[%emt 0:02:00]} 14. Bxg7 {[%emt 0:10:30]} Bxf2+ {[%emt 0:00:30]} 15. Kd2 {[%emt 0:00:30]} Rg8 {[%emt 0:05:30]} 16. Bf6 {[%emt 0:00:00]} Rg6 {[%emt 0:00:30]} 17. Qf3 {[%emt 0:02:00]} Rxf6 {[%emt 0:03:30]} 18. Qxf6 {[%emt 0:03:30]} Bd4 {[%emt 0:00:30]} 19. Qg5 {[%emt 0:02:30]} Qxb2+ {[%emt 0:00:00]} 20. Kd3 {[%emt 0:02:30]} Qc3+ {[%emt 0:00:00]} 21. Ke2 {[%emt 0:00:30]} Qxa1 {[%emt 0:00:30]} 22. Qg8+ {[%emt 0:00:30]} Ke7 {[%emt 0:00:00]} 23. Qxh7 {[%emt 0:02:30]} Ba6 {[%emt 0:00:00]} 24. Qh4+ {[%emt 0:05:30]} Bf6 {[%emt 0:00:30]} 25. Qf4 {[%emt 0:00:00]} Bxc4+ {[%emt 0:00:30]} 26. Kd2 {[%emt 0:01:00]} Qxa2+ {[%emt 0:00:30]} 27. Ke3 {[%emt 0:01:30]} Qb3+ {[%emt 0:00:30]} 28. Kf2 {[%emt 0:00:30]} Qc2+ {[%emt 0:01:30]} 29. Kf3 {[%emt 0:00:30]} Bxf1 {[%emt 0:00:30]} 30. Rxf1 {[%emt 0:00:30]} Qd3+ {[%emt 0:00:30]} 31. Kf2 {[%emt 0:01:30]} Rc8 {[%emt 0:00:00]} 32. Qb4+ {[%emt 0:04:30]} Ke8 {[%emt 0:00:00]} 33. Qa4+ {[%emt 0:00:00]} Kf8 {[%emt 0:00:30]} 34. Qb4+ {[%emt 0:01:00]} Be7 {[%emt 0:00:30]} 35. Qf4 {[%emt 0:00:30]} Bc5+ {[%emt 0:01:30]} 36. Ke1 {[%emt 0:00:30]} Qe3+ {[%emt 0:00:00]} 0-1

[Event "26th Troya Open 2018"]
[Site "Canakkale"]
[Date "2018.08.10"]
[Round "8.17"]
[White "Gurses, Ayberk"]
[Black "Altundasar, Yigit Bora"]
[Result "0-1"]
[WhiteElo "1660"]
[BlackElo "1538"]
[Annotator "NA"]
[PlyCount "88"]
[EventDate "2018.08.06"]
[EventType "swiss"]
[EventCountry "TUR"]
[SourceTitle "playchess.com"]
[Source "ChessBase"]
[SourceQuality "1"]
[TimeControl "5400+30"]

1. e4 {[%emt 0:00:30]} c5 {[%emt 0:00:30]} 2. b3 {[%emt 0:00:30]} d6 {[%emt 0:00:30]} 3. Bb2 {[%emt 0:00:30]} e6 {[%emt 0:00:30]} 4. f4 {[%emt 0:00:30]} Nf6 {[%emt 0:00:30]} 5. Nc3 {[%emt 0:00:30]} g6 {[%emt 0:04:30]} 6. d4 {[%emt 0:03:30]} Be7 {[%emt 0:16:30]} 7. dxc5 {[%emt 0:13:30]} dxc5 {[%emt 0:05:30]} 8. Qf3 {[%emt 0:01:30]} Bf8 {[%emt 0:05:30]} 9. e5 {[%emt 0:11:30]} Nd5 {[%emt 0:01:30]} 10. O-O-O {[%emt 0:01:30]} Bg7 {[%emt 0:00:30]} 11. Nxd5 {[%emt 0:03:30]} exd5 {[%emt 0:00:30]} 12. Rxd5 {[%emt 0:00:30]} Qc7 {[%emt 0:00:30]} 13. Ba3 {[%emt 0:04:30]} O-O {[%emt 0:00:00]} 14. Bxc5 {[%emt 0:06:30]} Re8 {[%emt 0:00:00]} 15. Bd6 {[%emt 0:01:30]} Qb6 {[%emt 0:00:30]} 16. Bb5 {[%emt 0:02:30]} Nc6 {[%emt 0:00:30]} 17. Bxc6 {[%emt 0:02:30]} bxc6 {[%emt 0:00:00]} 18. Rc5 {[%emt 0:01:30]} Bb7 {[%emt 0:00:00]} 19. Qc3 {[%emt 0:02:30]} a5 {[%emt 0:03:30]} 20. a4 {[%emt 0:02:30]} Re6 {[%emt 0:00:00]} 21. Qe3 {[%emt 0:10:30]} Rd8 {[%emt 0:00:00]} 22. Rc3 {[%emt 0:02:30]} Qxe3+ {[%emt 0:02:30]} 23. Rxe3 {[%emt 0:00:00]} Rdxd6 {[%emt 0:00:30]} 24. exd6 {[%emt 0:01:00]} Rxe3 {[%emt 0:00:30]} 25. d7 {[%emt 0:00:00]} Bf6 {[%emt 0:00:30]} 26. Nf3 {[%emt 0:00:00]} Bd8 {[%emt 0:00:30]} 27. Ne5 {[%emt 0:00:30]} f6 {[%emt 0:01:30]} 28. Kd2 {[%emt 0:00:00]} Re4 {[%emt 0:00:30]} 29. Nd3 {[%emt 0:00:00]} Rd4 {[%emt 0:00:30]} 30. Kc3 {[%emt 0:01:30]} Rxd7 {[%emt 0:00:30]} 31. Nc5 {[%emt 0:00:00]} Re7 {[%emt 0:01:30]} 32. Rd1 {[%emt 0:00:00]} Bb6 {[%emt 0:01:30]} 33. Nxb7 {[%emt 0:00:00]} Rxb7 {[%emt 0:00:30]} 34. Rd6 {[%emt 0:00:00]} Kf7 {[%emt 0:01:30]} 35. Rxc6 {[%emt 0:00:00]} Rc7 {[%emt 0:00:30]} 36. Rxc7+ {[%emt 0:00:00]} Bxc7 {[%emt 0:00:00]} 37. g3 {[%emt 0:00:00]} Ke6 {[%emt 0:00:00]} 38. Kc4 {[%emt 0:00:00]} g5 {[%emt 0:02:30]} 39. fxg5 {[%emt 0:00:30]} fxg5 {[%emt 0:00:30]} 40. Kb5 {[%emt 0:00:00]} Kd7 {[%emt 0:00:00]} 41. c3 {[%emt 0:00:00]} h5 {[%emt 0:01:00]} 42. b4 {[%emt 0:00:30]} axb4 {[%emt 0:01:30]} 43. cxb4 {[%emt 0:00:00]} Bxg3 {[%emt 0:04:30]} 44. hxg3 {[%emt 0:01:00]} h4 {[%emt 0:00:30]} 0-1